| 000 | 00937nam a22002777a 4500 | ||
|---|---|---|---|
| 001 | 000608 | ||
| 003 | DO-SdBNP | ||
| 005 | 20180131145645.0 | ||
| 007 | 000608 | ||
| 008 | 161027b 1991 sp a ||||| |||| 00| 0 spa d | ||
| 020 | _a8427249217 | ||
| 040 |
_aBPMSU _bspa _cBPMSU |
||
| 041 | 1 | 7 |
_aspa _heng |
| 082 |
_axxxx _bxxxx |
||
| 100 | 1 | _aCarey, M. V. | |
| 240 | 1 | 0 |
_aThe secret of the haunted mirror. _lEspañol |
| 245 | 1 | 0 |
_aMisterio del espejo embrujado / _ctexto de M.V. Carey ; traducción de C. Unterlohner ; ilustraciones de R. Escolano. |
| 260 |
_aBarcelona : _bMolino, _c1991. |
||
| 300 |
_a175 p. : _bil. ; _c21 cm. |
||
| 490 | 1 |
_aAlfred Hitchcock y los tres investigadores _v21 |
|
| 500 | _aTraducción de: The secret of the haunted mirror. | ||
| 830 | 0 |
_aAlfred Hitchcock y los tres investigadores ; _v21 |
|
| 942 |
_2ddc _cBK |
||
| 945 | _aInventariado, 2018/ YL | ||
| 956 |
_2LOPEREZ _310 _620161027 _8BPMSU _a00041 |
||
| 999 |
_c11703 _d11703 |
||